| 000 | 00954nam a22002177a 4500 | ||
|---|---|---|---|
| 003 | SISC | ||
| 005 | 20171109085244.0 | ||
| 008 | 171108b xxu||||| |||| 00| 0 eng d | ||
| 020 | _a9781921972331 | ||
| 050 |
_aCD QA 273 _b.Q7ca 2013 |
||
| 100 | _aQuinn, Catherine | ||
| 245 |
_aMathematics for international student mathematics HL option: _bcalculus / _cCatherine Quinn |
||
| 260 |
_aAustralia : _bHaese and Harris Publications, _c2013 |
||
| 300 | _a1 CD | ||
| 500 | _aAccompanying material of the book entitled "Mathematics for the international student mathematics HL option: calculus" by Catherine Quinn (IB0191 & IB0192) | ||
| 650 |
_2Library of Congress Subject Headings _aMathematics _xStudy and teaching (Secondary) |
||
| 650 |
_2Library of Congress Subject Headings _aCalculus _xProblems, exercises, etc. |
||
| 650 |
_2Library of Congress Subject Headings _aInternational Baccalaureate |
||
| 942 |
_2lcc _cAVM |
||
| 999 |
_c344950 _d344950 |
||